000
00254nam a2200109Ia 4500
008
240625s9999 xx 000 0 und d
041
_a
eng
082
_a
658.827 KEL
100
_a
KELLER KEVIN LANE
245
_a
STRATEGIC BRAND MANAGEMENT
260
_c
2012
999
_c
38834
_d
38834